Paris New / Nouvelle Architecture (Record no. 2347)

MARC details
000 -Etiqueta do registo
Campo de controlo de comprimento fixo 00352 a2200145 4500
020 ## - ISBN (NÚMERO DE LIVRO PADRÃO INTERNACIONAL)
ISBN 2-904 392-05-5
040 ## - Fonte de Catalogação
Agência de catalogação Biblioteca de Posgraduação- Universidade Lusíada de Angola
082 ## - DEWEY DECIMAL CLASSIFICATION NUMBER
Número de classificação 72
Classificador- CDU 72
100 ## - Nome Pessoal
9 (RLIN) 1174
Autor SALAMA,Manuelle
245 ## - Declaração de Título
Título Paris New / Nouvelle Architecture
260 ## - Publicação e Destribuíção
Local de edição/distribuição Paris ,
Editor/distribuidor editions Regirex-France
Data de edição/distribuição 1985.
300 ## - Descrição Física
Nº Pág. 174p
650 ## - MATERIA
MATERIA Arquitectura
942 ## - - Elementos de entrada adicionados (koha)
Tipo de documento Livros
Holdings
Withdrawn status Lost status Source of classification or shelving scheme Damaged status Not for loan Permanent Location Current Location Date acquired Inventory number Total Checkouts Full call number Barcode Date last seen Price effective from Koha item type
    Dewey Decimal Classification     Biblioteca Geral- Universidade Lusíada de Angola Biblioteca Geral- Universidade Lusíada de Angola 03/06/2026 14(1)   72 2026-0203 03/06/2026 03/06/2026 Livros